Medicina y sociedad en la Europa moderna, 1500-1800

Uloženo v:
Podrobná bibliografie
Hlavní autor: Lindemann, Mary (autora)
Médium: Kniha
Jazyk:španělština
Vydáno: Madrid Siglo Veintiuno 2001
Edice:Historia
Témata:
Tagy: Přidat tag
Žádné tagy, Buďte první, kdo vytvoří štítek k tomuto záznamu!

MARC

LEADER 00000nam a2200000 a 4500
001 UCM2536
003 CL-VaPUC
008 020607e20010200SP |||||||||||||||||spa|d
082 0 4 |a 306.461  |b LIN  |2 21 
100 |a Lindemann, Mary  |e autora  |9 469340 
245 1 0 |a Medicina y sociedad en la Europa moderna, 1500-1800 
300 |a 302 p 
942 |c BK 
945 |d 20020607 00:00:00  |a cmena 
260 |a Madrid  |b Siglo Veintiuno  |c 2001 
650 7 |a SOCIOLOGIA DE LA SALUD  |2 CL-VaPUC  |9 469341 
650 0 |a Enfermedades  |9 263059 
650 0 |a Costumbres y tradiciones   |9 268292 
583 |a last modification  |c 20020607 00:00:00  |k Rodrigo Vera 
490 0 |a Historia 
999 |c 300369  |d 300367 
952 |0 0  |1 0  |4 0  |6 306_461000000000000_LIN_2001  |7 0  |8 A  |9 358044  |a BIBHIS  |b BIBHIS  |d 2019-11-21  |i 3790983  |l 5  |o 306.461 LIN 2001  |p 3790983  |r 2025-01-20  |s 2024-04-10  |w 2019-11-21  |y BK  |k HIS